Los conectores pragmáticos en el habla culta costarricense /

Na minha lista:
Detalhes bibliográficos
Autor principal: Solano Rojas, Yamilet
Formato: Desconhecido
Idioma:Spanish
Assuntos:
Tags: Adicionar Tag
Sem tags, seja o primeiro a adicionar uma tag!

MARC

LEADER 000000000a22000000004500
001 009038
041 0 |a spa 
100 1 |a Solano Rojas, Yamilet 
245 1 4 |a Los conectores pragmáticos en el habla culta costarricense /   |c Yamilet Solano Rojas. 
310 |a semestral 
650 4 |a COSTARRIQUEÑISMOS 
650 4 |a LINGUISTICA 
773 0 |x 0377-628X  |d San José, Costa Rica : Editorial Universidad de Costa Rica  |t Revista de Filología y Lingüística de la Universidad de Costa Rica  |g volumen XV, número 2 (1989), páginas 143-154 
942 |c ARC 
999 |c 14973  |d 14973